000 00394nam a22001697a 4500
999 _c2831
_d2830
005 20210909114107.0
008 160615b xxu||||| |||| 00| 0 eng d
020 _a978-81-203-3338-3
041 _aeng
082 _b7860
100 _aPrasada Rao, G.S.L.H.V.
_92027
245 _aAgricultural Meteorology
260 _bPHI
_c2008
300 _a355
650 _aManagement
_9241
942 _cBK